000 00568nam a2200181Ia 4500
008 090123s9999 xx 000 0 und d
082 _b13586
_a891.463/आचार्य
100 _aआचार्य नयना शाम
245 _aकुलदिपक
250 _a1
260 _bनवचैतन्य प्रकाशन
300 _a158
600 _aआचार्य नयना शाम
630 _aकुलदिपक
700 _aआचार्य नयना शाम
730 _aकुलदिपक
942 _cBOOK
999 _c51649
_d51649